El ABC de las máguinas el‚ctricas III. Instalación y control de motores de corriente alterna / Gilberto Enríquez Harper (Registro nro. 22102)
[ vista simple ]
| 000 -LÍDER | |
|---|---|
| fixed length control field | 00513nam a2200145 4500 |
| 008 - ELEMENTOS DE LONGITUD FIJA -- INFORMACIÓN GENERAL | |
| fixed length control field | 01996 0a 000 0MEX |
| 020 ## - NÚMERO INTERNACIONAL NORMALIZADO PARA LIBROS | |
| ISBN | 968-18-2777-5 |
| 050 ## - SIGNATURA TOPOGRAFICA DE LA BIBLIOTECA DEL CONGRESO (LC) | |
| Número de Clasificación | TK 218 E59 |
| 082 ## - NUMERO DE CLASIFICACION DECIMAL DEWEY | |
| Número de Clasificación | 621.319 E562a |
| 100 ## - ASIENTO PRINCIPAL--NOMBRE PERSONAL | |
| Nombre personal | Enríquez Harper, Gilberto |
| 245 ## - TÍTULO | |
| Título | El ABC de las máguinas el‚ctricas III. Instalación y control de motores de corriente alterna / Gilberto Enríquez Harper |
| 260 ## - PUBLICACIÓN, DISTRIBUCIÓN, ETC. (PIE DE IMPRENTA) | |
| Lugar de publicación, distribución, etc. | México : Limusa |
| 300 ## - DESCRIPCIÓN FÍSICA | |
| Extensión | 397p. / 23.8 cm. |
| 650 ## - ASIENTO SECUNDARIO DE MATERIA - TERMINO TEMÁTICO | |
| Término temático o nombre geográfico como elemento de entrada | 1. ELECTRIC MACHINES 2. MÁQUINAS ELÉCTRICAS |
| No. biblioteca | No. biblioteca | Número de clasificación | Código de barras/Número de adquisición | Número de copia | Tipo de material |
|---|---|---|---|---|---|
| LUIS G. INCLAN | LUIS G. INCLAN | 621.319 E562a | 25147 | 2 | Libros |
